| 000 | 01493nam a2200253Ia 4500 | ||
|---|---|---|---|
| 003 | Ost | ||
| 005 | 20260507074853.0 | ||
| 008 | 260507s9999||||xx |||||||||||||| ||und|| | ||
| 040 | _cfsecg | ||
| 041 | _aara | ||
| 082 | _a658.3 | ||
| 100 |
_aعبد الباقي، صلاح الدين _eمؤلف |
||
| 245 | 0 |
_aإدارة الموارد البشرية / _c صلاح الدين عبد الباقي |
|
| 260 |
_aالاسكندرية: _bالمكتب الجامعي الحديث, _c2007 |
||
| 300 |
_a322 صفحة؛ _bإيضاحات ؛ _c24 سم |
||
| 504 | _aبيبليوغرافيا: ص.322 | ||
| 520 | _aمفهوم إدارة الافراد وتطورها التاريخي، العوامل البيئية المؤثرة على إدارة الموارد البشرية، تنظيم إدارة الموارد البشرية، تخطيط الموارد البشرية، تصميم وتحليل العمل، البحث والاستقطاب للموارد البشرية، الاختيار والتعين للموارد البشرية، تدريب وتنمية الموارد البشرية ، تقييم ادارة الأداء، التعويضات، الحوافز والمزايا، تخطيط المستقبل الوظيفي | ||
| 653 | _aإدارة الأفراد | ||
| 653 | _aالادارة | ||
| 653 | _aالقوى العاملة | ||
| 700 |
_aراوية، حسن _eمؤلف ثانوي |
||
| 700 |
_aمسلم علي، عبد الهادي _eمؤلف ثانوي |
||
| 942 | _cكتاب | ||
| 999 |
_c41587 _d41587 |
||